[Event "Moscow op U26"]
[Site "Moscow"]
[Date "2012.01.31"]
[Round "4"]
[White "Zaryvkina, Anastasia"]
[Black "Babkin, Ivan"]
[Result "1-0"]
[WhiteElo "2076"]
[BlackElo "1955"]
[PlyCount "119"]
[EventDate "2012.01.28"]
[EventType "swiss"]
[EventRounds "9"]
[EventCountry "RUS"]
[SourceTitle "EXT 2013"]
[Source "ChessBase"]
[SourceDate "2012.11.22"]
[SourceVersion "1"]
[SourceVersionDate "2012.11.22"]
[SourceQuality "1"]

1. e4 c6 2. d4 d5 3. e5 Bf5 4. c4 e6 5. Nc3 a6 6. a3 Nd7 7. c5 b5 8. Nge2 Ne7 9. Ng3 Bg6 10. Be2 Nf5 11. Nxf5 Bxf5 12. 0-0 h6 13. Bg4 Bxg4 14. Qxg4 Qc7 15. Re1 0-0-0 16. Qe2 Nb8 17. Na2 Qb7 18. Bd2 Be7 19. a4 Rd7 20. axb5 Qxb5 21. Qxb5 axb5 22. Nb4 Rb7 23. Ra8 Kd7 24. Rea1 Rf8 25. R1a7 Kc8 26. Rxb8+ Kxb8 27. Nxc6+ Kc7 28. Ba5+ Kxc6 29. Ra6+ Kd7 30. c6+ Kc8 31. cxb7+ Kxb7 32. Rb6+ Ka7 33. Rc6 Rb8 34. Kf1 Bg5 35. Ke2 Kb7 36. Rc7+ Ka6 37. Bb4 Rb7 38. Rc6+ Rb6 39. Rc8 Rb7 40. Bc5 b4 41. Rg8 g6 42. Re8 Kb5 43. Kd3 h5 44. g3 Kc6 45. f4 Bh6 46. Rc8+ Rc7 47. Rh8 Bg7 48. Rg8 Bh6 49. h4 Rb7 50. Kc2 Rc7 51. Kb3 Kb5 52. Rb8+ Kc6 53. Kxb4 Rb7+ 54. Rxb7 Kxb7 55. Kb5 Bg7 56. Be7 Bh6 57. Kc5 Bg7 58. Kd6 Kb6 59. Kd7 Kb5 60. b3 1-0

[Event "Moscow op-E"]
[Site "Moscow"]
[Date "2011.02.04"]
[Round "7.113"]
[White "Zaryvkina, Anastasia"]
[Black "Terekhov, Konstantin"]
[Result "1-0"]
[WhiteElo "2068"]
[BlackElo "2223"]
[PlyCount "61"]
[EventDate "2011.01.29"]
[EventType "swiss"]
[EventRounds "9"]
[EventCountry "RUS"]
[SourceTitle "EXT 2022"]
[Source "ChessBase"]
[SourceDate "2021.10.06"]
[SourceVersion "1"]
[SourceVersionDate "2021.10.06"]
[SourceQuality "1"]

1. e4 c6 2. d4 d5 3. e5 Bf5 4. c4 dxc4 5. Bxc4 e6 6. Nc3 c5 7. d5 exd5 8. Bxd5 Qc7 9. Nf3 Nc6 10. 0-0 0-0-0 11. Qb3 Bd3 12. Rd1 c4 13. Qa4 Nb4 14. Nb5 Qb6 15. Be3 Bc5 16. Bxc5 Qxc5 17. Bxf7 Nh6 18. Be6+ Kb8 19. a3 Nc6 20. Rac1 Rhe8 21. Bxc4 Bxc4 22. Nd6 Ng4 23. Qc2 Rxd6 24. exd6 Nce5 25. d7 Rd8 26. Nxe5 Nxe5 27. b3 b5 28. bxc4 bxc4 29. Qe4 Rxd7 30. Rxd7 Nxd7 31. Qxc4 1-0

[Event "Moscow op-E"]
[Site "Moscow"]
[Date "2011.01.30"]
[Round "2.182"]
[White "Surov, Anatoly"]
[Black "Zaryvkina, Anastasia"]
[Result "0-1"]
[WhiteElo "1863"]
[BlackElo "2068"]
[PlyCount "74"]
[EventDate "2011.01.29"]
[EventType "swiss"]
[EventRounds "9"]
[EventCountry "RUS"]
[SourceTitle "EXT 2022"]
[Source "ChessBase"]
[SourceDate "2021.10.06"]
[SourceVersion "1"]
[SourceVersionDate "2021.10.06"]
[SourceQuality "1"]

1. e4 c5 2. f4 Nc6 3. Nf3 Qc7 4. Bc4 e6 5. 0-0 Qxf4 6. d3 Qc7 7. Nc3 a6 8. a4 Be7 9. Bg5 Nf6 10. Bh4 0-0 11. Qe2 d6 12. Rae1 Nd4 13. Qd1 Bd7 14. e5 Nxf3+ 15. Qxf3 dxe5 16. Bxf6 Bxf6 17. Qg3 Qd8 18. Qg4 Bc6 19. Re3 Qd4 20. Qg3 Bh4 21. Qxe5 Bf6 22. Qg3 Qxe3+ 23. Qxe3 Bd4 24. Qxd4 cxd4 25. Ne2 e5 26. Rf5 Rae8 27. Bb3 Re7 28. Ng3 Rd8 29. Rg5 h6 30. Rg4 Bd7 31. Re4 Kf8 32. Re2 f6 33. Ne4 Be6 34. Nd2 Bxb3 35. Nxb3 Rc7 36. Na5 b5 37. b3 Rdc8 0-1

[Event "Moscow op-E"]
[Site "Moscow"]
[Date "2011.01.29"]
[Round "1"]
[White "Zaryvkina, Anastasia"]
[Black "Frolyanov, Dmitry"]
[Result "0-1"]
[WhiteElo "2068"]
[BlackElo "2616"]
[PlyCount "44"]
[EventDate "2011.01.29"]
[EventType "swiss"]
[EventRounds "9"]
[EventCountry "RUS"]
[SourceTitle "CBM 140 Extra"]
[Source "ChessBase"]
[SourceDate "2011.03.01"]
[SourceVersion "1"]
[SourceVersionDate "2011.03.01"]
[SourceQuality "1"]

1. e4 c5 2. Nf3 e6 3. d4 cxd4 4. Nxd4 a6 5. Be3 Nf6 6. Bd3 e5 7. Nb3 d5 8. exd5 Nxd5 9. Bc4 Be6 10. Bxd5 Qxd5 11. 0-0 Qc6 12. f4 exf4 13. Bxf4 Be7 14. Kh1 0-0 15. Nd4 Qb6 16. Nxe6 fxe6 17. Nd2 Qxb2 18. Qg4 Nc6 19. Qxe6+ Kh8 20. Rab1 Qxc2 21. Rbc1 Qb2 22. h3 Rxf4 0-1

[Event "Moscow-ch U18"]
[Site "Moscow"]
[Date "2010.12.02"]
[Round "6"]
[White "Zaryvkina, Anastasia"]
[Black "Apryshko, Gleb"]
[Result "0-1"]
[WhiteElo "2063"]
[BlackElo "2295"]
[PlyCount "108"]
[EventDate "2010.11.21"]
[EventType "swiss"]
[EventRounds "9"]
[EventCountry "RUS"]
[SourceTitle "EXT 2012"]
[Source "ChessBase"]
[SourceDate "2011.11.24"]
[SourceVersion "1"]
[SourceVersionDate "2011.11.24"]
[SourceQuality "1"]

1. e4 e6 2. d4 d5 3. Nc3 Nf6 4. e5 Nfd7 5. f4 c5 6. Nf3 Nc6 7. Be3 a6 8. dxc5 Bxc5 9. Qd2 Bxe3 10. Qxe3 g5 11. fxg5 d4 12. Nxd4 Nxd4 13. Qxd4 Qxg5 14. Ne4 Qxe5 15. Qxe5 Nxe5 16. 0-0-0 Ke7 17. Nc5 Ng4 18. Re1 b6 19. Nd3 Bb7 20. h3 Nf6 21. Rg1 h5 22. Nf4 Rag8 23. Bc4 Ne4 24. Bxa6 Bxa6 25. Rxe4 Rg5 26. Rd1 Kf6 27. Rd6 Bb7 28. Re2 b5 29. Rd7 Bc8 30. Rc7 h4 31. Nd3 Rf5 32. Re4 e5 33. Rc6+ Be6 34. Rc5 Rg5 35. Re2 Bc4 36. Rf2+ Ke6 37. b3 Bxd3 38. cxd3 Rhg8 39. Rxb5 Rxg2 40. Rxg2 Rxg2 41. a4 f5 42. Rb6+ Kd5 43. a5 Kd4 44. a6 Kxd3 45. Kb1 Rg8 46. a7 Ra8 47. Rb7 f4 48. b4 f3 49. Rf7 e4 50. b5 e3 51. b6 e2 52. Rd7+ Kc3 53. Rc7+ Kb3 54. Rc1 Rc8 0-1

[Event "Moscow-ch U18"]
[Site "Moscow"]
[Date "2010.11.22"]
[Round "2"]
[White "Zaryvkina, Anastasia"]
[Black "Rabinovich, Yacov"]
[Result "1-0"]
[WhiteElo "2063"]
[BlackElo "1862"]
[PlyCount "85"]
[EventDate "2010.11.21"]
[EventType "swiss"]
[EventRounds "9"]
[EventCountry "RUS"]
[SourceTitle "EXT 2012"]
[Source "ChessBase"]
[SourceDate "2011.11.24"]
[SourceVersion "1"]
[SourceVersionDate "2011.11.24"]
[SourceQuality "1"]

1. e4 c5 2. Nf3 Nc6 3. d4 cxd4 4. Nxd4 g6 5. Be3 Bg7 6. Nc3 d6 7. Qd2 Nf6 8. f3 Bd7 9. Bc4 0-0 10. 0-0-0 Nxd4 11. Bxd4 Qc7 12. Bb3 a5 13. Bxf6 Bxf6 14. Nd5 Qc5 15. Nxf6+ exf6 16. Qxd6 Qe3+ 17. Qd2 Qxd2+ 18. Rxd2 Bc6 19. Rd6 Kg7 20. Rhd1 Rfe8 21. Bd5 Bxd5 22. R1xd5 Re5 23. Rxe5 fxe5 24. Rd5 Kf6 25. Rb5 Ra7 26. Kd2 Ke6 27. Kc3 f6 28. Rb6+ Ke7 29. a4 h5 30. Kc4 h4 31. h3 g5 32. Kd5 Kf7 33. Kd6 Kg6 34. c4 Ra8 35. Kd7 g4 36. fxg4 Kg5 37. Rxb7 Kf4 38. c5 Kg3 39. c6 Kxg2 40. Rb3 Ra7+ 41. c7 f5 42. gxf5 Kf2 43. f6 1-0

[Event "Chigorin Memorial 18th"]
[Site "St Petersburg"]
[Date "2010.11.03"]
[Round "7"]
[White "Chepel, Nikolay"]
[Black "Zaryvkina, Anastasia"]
[Result "1-0"]
[WhiteElo "2240"]
[BlackElo "2063"]
[PlyCount "73"]
[EventDate "2010.10.28"]
[EventType "swiss"]
[EventRounds "9"]
[EventCountry "RUS"]
[SourceTitle "EXT 2011"]
[Source "ChessBase"]
[SourceDate "2010.11.26"]
[SourceVersion "1"]
[SourceVersionDate "2010.11.26"]
[SourceQuality "1"]

1. f4 d5 2. Nf3 c5 3. e3 Nc6 4. Bb5 Bd7 5. 0-0 Nf6 6. b3 g6 7. Bb2 Bg7 8. d3 0-0 9. Qe2 Rc8 10. Nbd2 a6 11. Bxc6 Bxc6 12. Ne5 b5 13. a4 Bb7 14. axb5 axb5 15. c4 dxc4 16. bxc4 b4 17. Nb3 Qb6 18. Ra5 Rc7 19. Rb5 Qd6 20. Nxc5 Bxg2 21. Qxg2 Rxc5 22. Rxc5 Qxc5 23. Bd4 Qc7 24. Rb1 Nd7 25. Nc6 Bxd4 26. Nxd4 Nc5 27. Nb5 Qd7 28. d4 Qf5 29. Rxb4 Nd3 30. Ra4 Ne1 31. Qe2 Qb1 32. Nc3 Qc1 33. Nd1 Nc2 34. Kf2 Rb8 35. c5 Rb1 36. Rc4 Nxd4 37. Rxc1 1-0

[Event "Chigorin Memorial 18th"]
[Site "St Petersburg"]
[Date "2010.10.29"]
[Round "2"]
[White "Zaryvkina, Anastasia"]
[Black "Grigoryan, Karen H"]
[Result "0-1"]
[WhiteElo "2063"]
[BlackElo "2290"]
[PlyCount "78"]
[EventDate "2010.10.28"]
[EventType "swiss"]
[EventRounds "9"]
[EventCountry "RUS"]
[SourceTitle "EXT 2011"]
[Source "ChessBase"]
[SourceDate "2010.11.26"]
[SourceVersion "1"]
[SourceVersionDate "2010.11.26"]
[SourceQuality "1"]

1. e4 c5 2. Nf3 d6 3. d4 cxd4 4. Nxd4 Nf6 5. Nc3 a6 6. Bg5 Nbd7 7. Qd2 e6 8. 0-0-0 h6 9. Be3 Ng4 10. f4 Nxe3 11. Qxe3 Be7 12. Kb1 Nc5 13. g4 Qc7 14. Bg2 Rb8 15. h4 Bd7 16. g5 b5 17. h5 b4 18. Nce2 a5 19. g6 0-0 20. gxf7+ Rxf7 21. Bh3 a4 22. Rhg1 Bf6 23. Rg6 b3 24. cxb3 axb3 25. a3 Re8 26. Nc3 Na4 27. Nxa4 Bxa4 28. Rc1 Qa7 29. e5 dxe5 30. fxe5 Bg5 31. Qc3 Bxc1 32. Bxe6 Bg5 33. Nxb3 Rxe6 34. Rxe6 Qb7 35. Ka2 Rf3 36. Rb6 Rxc3 37. Rxb7 Re3 38. Nc5 Bc6 39. Rb8+ Kh7 0-1

[Event "RUS-chT U20"]
[Site "Rybinsk"]
[Date "2010.08.10"]
[Round "9"]
[White "Severina, Maria"]
[Black "Zaryvkina, Anastasia"]
[Result "1/2-1/2"]
[WhiteElo "2016"]
[BlackElo "2040"]
[PlyCount "91"]
[EventDate "2010.08.02"]
[EventType "team-swiss"]
[EventRounds "9"]
[EventCountry "RUS"]
[SourceTitle "EXT 2011"]
[Source "ChessBase"]
[SourceDate "2010.11.26"]
[SourceVersion "1"]
[SourceVersionDate "2010.11.26"]
[SourceQuality "1"]

1. e4 c5 2. c4 Nc6 3. Nc3 g6 4. d3 Bg7 5. g3 d6 6. Bg2 e6 7. Nge2 Nge7 8. 0-0 0-0 9. Rb1 b6 10. Be3 Nd4 11. e5 Rb8 12. exd6 Qxd6 13. Nxd4 cxd4 14. Ne4 Qc7 15. Bc1 f5 16. Ng5 h6 17. Nf3 e5 18. Re1 Bb7 19. Qe2 Rbe8 20. Nh4 g5 21. Bxb7 Qxb7 22. Ng2 Nc6 23. b3 e4 24. Ba3 Rf6 25. f4 e3 26. b4 b5 27. Rbc1 bxc4 28. Rxc4 Ne7 29. Bb2 Rc6 30. a3 Rxc4 31. dxc4 Qe4 32. Bc1 d3 33. Qh5 Nc8 34. Bxe3 Re6 35. c5 g4 36. Bf2 Qd5 37. Ne3 d2 38. Rd1 Rxe3 39. Bxe3 Qe4 40. Bf2 Qe2 41. Rxd2 Qxd2 42. Qe8+ Kh7 43. Qxc8 Qd1+ 44. Kg2 Qf3+ 45. Kf1 Qd1+ 46. Kg2 1/2-1/2

[Event "RUS-chT U20"]
[Site "Rybinsk"]
[Date "2010.08.06"]
[Round "5"]
[White "Tomnikova, Lidia"]
[Black "Zaryvkina, Anastasia"]
[Result "0-1"]
[WhiteElo "2092"]
[BlackElo "2040"]
[PlyCount "84"]
[EventDate "2010.08.02"]
[EventType "team-swiss"]
[EventRounds "9"]
[EventCountry "RUS"]
[SourceTitle "EXT 2011"]
[Source "ChessBase"]
[SourceDate "2010.11.26"]
[SourceVersion "1"]
[SourceVersionDate "2010.11.26"]
[SourceQuality "1"]

1. e4 c5 2. Nc3 Nc6 3. d3 g6 4. g3 Bg7 5. Bg2 d6 6. Be3 Rb8 7. Qd2 e6 8. Nge2 Nd4 9. h4 Qa5 10. h5 Ne7 11. hxg6 hxg6 12. Rxh8+ Bxh8 13. f4 Nec6 14. Bf2 Nb4 15. Rc1 Nxe2 16. Kxe2 Nxa2 17. Nxa2 Qxa2 18. c3 Qa6 19. e5 Bd7 20. Ke1 Bc6 21. Bh3 Rd8 22. f5 exf5 23. exd6 Rxd6 24. Bxc5 Re6+ 25. Kf2 b6 26. Ba3 Qb5 27. Bg2 Bxg2 28. Kxg2 Qd5+ 29. Kf2 Be5 30. d4 Bf6 31. Qf4 Qe4 32. Qd2 Qd5 33. Qf4 Qe4 34. Qd2 g5 35. d5 Re5 36. c4 f4 37. gxf4 gxf4 38. Bd6 Bh4+ 39. Kg1 Rg5+ 40. Kh2 Bg3+ 41. Kh3 Rh5+ 42. Kg4 Rh4+ 0-1

[Event "Moscow-ch (Women)"]
[Site "Moscow"]
[Date "2010.05.28"]
[Round "8"]
[White "Kisteneva, Elizaveta"]
[Black "Zaryvkina, Anastasia"]
[Result "1/2-1/2"]
[WhiteElo "1906"]
[BlackElo "2087"]
[PlyCount "136"]
[EventDate "2010.05.21"]
[EventType "swiss"]
[EventRounds "9"]
[EventCountry "RUS"]
[SourceTitle "CBM 136 Extra"]
[Source "ChessBase"]
[SourceDate "2010.07.02"]
[SourceVersion "2"]
[SourceVersionDate "2010.07.15"]
[SourceQuality "1"]

1. d4 d5 2. Nf3 Nf6 3. c4 c6 4. Nc3 e6 5. cxd5 cxd5 6. Bg5 a6 7. e3 Be7 8. Bd3 Nc6 9. a3 Bd7 10. 0-0 Rc8 11. Rc1 Na5 12. Ne5 b5 13. Qc2 Nc4 14. Nxd7 Nxd7 15. Bxe7 Qxe7 16. Na2 Ndb6 17. Bxc4 bxc4 18. Nc3 0-0 19. Rfe1 Qb7 20. Rcd1 Rb8 21. Rd2 Rfd8 22. h3 Na8 23. Na4 Qb3 24. Nc5 Qxc2 25. Rxc2 Nc7 26. Ree2 Rb6 27. Kf1 a5 28. Ke1 Na6 29. Nxa6 Rxa6 30. Red2 Rb6 31. Ke2 Rdb8 32. Ke1 Rb3 33. Kd1 Kf8 34. Kc1 Ke7 35. Kd1 g5 36. Ke2 h5 37. Kf3 f5 38. g3 Kf6 39. Kg2 f4 40. Re2 fxe3 41. fxe3 g4 42. Rf2+ Kg6 43. Rce2 R8b6 44. Kh2 Rd3 45. hxg4 hxg4 46. Rf4 Kg5 47. Kg2 Rbb3 48. Kf2 c3 49. bxc3 Rbxc3 50. Rf8 Rxa3 51. Rg8+ Kf6 52. Rxg4 a4 53. Rg8 Rdb3 54. Ra8 Ra1 55. Kg2 a3 56. Rf2+ Kg7 57. Ra7+ Kg6 58. Kh3 Rxe3 59. Ra8 Rh1+ 60. Kg2 Rh7 61. Rf4 Re4 62. Rxe4 dxe4 63. Rxa3 Rd7 64. Ra4 Rf7 65. Ra5 Rd7 66. Ra4 Rd5 67. Kf2 Kf5 68. Ke3 Rb5 1/2-1/2

[Event "RUS-chT Clubs U18"]
[Site "Rybinsk"]
[Date "2009.08.06"]
[Round "5"]
[White "Kushka, Alena"]
[Black "Zaryvkina, Anastasia"]
[Result "1-0"]
[WhiteElo "2149"]
[BlackElo "2057"]
[PlyCount "113"]
[EventDate "2009.08.02"]
[EventType "team-swiss"]
[EventRounds "9"]
[EventCountry "RUS"]
[SourceTitle "CBM 131 Extra"]
[Source "ChessBase"]
[SourceDate "2009.09.03"]
[SourceVersion "2"]
[SourceVersionDate "2009.09.16"]
[SourceQuality "1"]

1. d4 d5 2. c4 c6 3. Nc3 Nf6 4. e3 e6 5. Nf3 Nbd7 6. Bd3 dxc4 7. Bxc4 b5 8. Be2 Bb7 9. 0-0 a6 10. e4 c5 11. e5 Nd5 12. a4 b4 13. Ne4 Qc7 14. a5 h6 15. Qd3 Be7 16. Bd2 Bc6 17. Qc2 0-0 18. Rfc1 Rfb8 19. Nd6 b3 20. Qc4 Bxd6 21. exd6 Qxd6 22. dxc5 Qc7 23. Qh4 Ne5 24. Nd4 Ng6 25. Qg3 Qd7 26. Nxc6 Qxc6 27. Ra3 Rc8 28. Rxb3 Nge7 29. Bd3 Kf8 30. Rc4 Rd8 31. h4 Nf6 32. Rb6 Qd5 33. Rd6 Rxd6 34. Qxd6 Qh5 35. f3 Ne8 36. Qd7 Nf6 37. Qd4 Rc8 38. b4 Ke8 39. Qf2 Nc6 40. Rc2 Nd5 41. Bxa6 Rb8 42. b5 Ncb4 43. Bxb4 Nxb4 44. Rc1 Nd3 45. Qg3 Rd8 46. Rd1 Qxc5+ 47. Kh2 Qc2 48. Rf1 Qe2 49. b6 Qxf1 50. Bb5+ Kf8 51. b7 e5 52. Bxd3 Qxd3 53. Qxe5 Qb3 54. Qc7 Ke8 55. a6 Qb4 56. Kh3 Qb1 57. a7 1-0

[Event "RUS-chT Clubs U18"]
[Site "Rybinsk"]
[Date "2009.08.02"]
[Round "1"]
[White "Miloserdova, Irina"]
[Black "Zaryvkina, Anastasia"]
[Result "0-1"]
[WhiteElo "2019"]
[BlackElo "2057"]
[PlyCount "102"]
[EventDate "2009.08.02"]
[EventType "team-swiss"]
[EventRounds "9"]
[EventCountry "RUS"]
[SourceTitle "CBM 131 Extra"]
[Source "ChessBase"]
[SourceDate "2009.09.03"]
[SourceVersion "2"]
[SourceVersionDate "2009.09.16"]
[SourceQuality "1"]

1. e4 c5 2. Nf3 d6 3. d4 cxd4 4. Nxd4 Nf6 5. f3 e5 6. Bb5+ Nbd7 7. Nf5 d5 8. exd5 a6 9. Ba4 b5 10. Bb3 Nb6 11. Ne3 Bc5 12. Nc3 0-0 13. Qd3 b4 14. Ne4 Nxe4 15. fxe4 Bd7 16. c4 Rc8 17. 0-0 a5 18. a4 Qc7 19. Kh1 Bd4 20. Nc2 Qc5 21. Be3 Bxe3 22. Nxe3 Qd4 23. Rfd1 Qxb2 24. Ra2 Qd4 25. Qxd4 exd4 26. Rxd4 Rfe8 27. Kg1 f5 28. Nxf5 Bxf5 29. exf5 Nd7 30. d6 Rc5 31. g4 Re3 32. Rb2 Kf8 33. Kf2 Rh3 34. Kg2 Re3 35. Bd1 Ke8 36. Re2 Rxe2+ 37. Bxe2 Ne5 38. Kg3 b3 39. Rd2 Nxc4 40. Bxc4 Rxc4 41. g5 Rc2 42. Rd1 b2 43. Rb1 Kd7 44. h4 Kxd6 45. Kg4 Ke5 46. Re1+ Kd6 47. Rb1 Ke5 48. Re1+ Kd4 49. Rb1 Ke3 50. f6 gxf6 51. gxf6 Rf2 0-1

[Event "RUS-ch U16 Girls"]
[Site "Dagomys"]
[Date "2009.04.20"]
[Round "6"]
[White "Zaryvkina, Anastasia"]
[Black "Bakunina, Albina"]
[Result "1/2-1/2"]
[WhiteElo "2096"]
[BlackElo "1885"]
[PlyCount "70"]
[EventDate "2009.04.15"]
[EventType "swiss"]
[EventRounds "9"]
[EventCountry "RUS"]
[SourceTitle "CBM 130 Extra"]
[Source "ChessBase"]
[SourceDate "2009.07.02"]
[SourceVersion "2"]
[SourceVersionDate "2009.07.15"]
[SourceQuality "1"]

1. e4 e6 2. d4 d5 3. Nc3 Bb4 4. exd5 exd5 5. Bd3 Nf6 6. Nge2 c6 7. 0-0 Bd6 8. Bf4 0-0 9. Qd2 Bxf4 10. Nxf4 b6 11. Rfe1 Ba6 12. Qe2 Bxd3 13. Nxd3 Nbd7 14. Qf3 Re8 15. Rxe8+ Qxe8 16. Re1 Qf8 17. Qf4 Qb8 18. Ne5 Qd6 19. Nd3 Qxf4 20. Nxf4 Re8 21. Rxe8+ Nxe8 22. f3 Kf8 23. Kf2 Ke7 24. Ke3 Kd6 25. g4 Ke7 26. h4 Nd6 27. b3 h6 28. Nd3 Ke6 29. Ne2 g5 30. hxg5 hxg5 31. f4 f6 32. f5+ Ke7 33. Ng3 Kf7 34. Nb2 Ke7 35. Nd3 Nf7 1/2-1/2

[Event "RUS-ch U16 Girls"]
[Site "Dagomys"]
[Date "2009.04.17"]
[Round "3"]
[White "Bibilashvili, Anna"]
[Black "Zaryvkina, Anastasia"]
[Result "1-0"]
[WhiteElo "1898"]
[BlackElo "2096"]
[PlyCount "55"]
[EventDate "2009.04.15"]
[EventType "swiss"]
[EventRounds "9"]
[EventCountry "RUS"]
[SourceTitle "CBM 130 Extra"]
[Source "ChessBase"]
[SourceDate "2009.07.02"]
[SourceVersion "2"]
[SourceVersionDate "2009.07.15"]
[SourceQuality "1"]

1. e4 c5 2. Nf3 d6 3. d4 cxd4 4. Nxd4 Nf6 5. Nc3 e6 6. Be2 Be7 7. Be3 0-0 8. 0-0 a6 9. f4 Qc7 10. a4 Nc6 11. Bf3 Nxd4 12. Bxd4 e5 13. Be3 exf4 14. Bd4 Be6 15. Qd2 Nd7 16. Qxf4 Ne5 17. Rad1 Bf6 18. Kh1 Ng6 19. Qe3 Bxd4 20. Rxd4 Ne5 21. Rfd1 Rfd8 22. Be2 Rac8 23. Qd2 Bc4 24. Bf3 Be6 25. Nd5 Bxd5 26. Rxd5 Qxc2 27. Qxc2 Rxc2 28. Rxe5 1-0

[Event "Moscow-ch (Women)"]
[Site "Moscow"]
[Date "2009.03.28"]
[Round "6"]
[White "Zaryvkina, Anastasia"]
[Black "Vasilevich, Irina"]
[Result "1-0"]
[WhiteElo "2093"]
[BlackElo "2340"]
[PlyCount "119"]
[EventDate "2009.03.23"]
[EventType "swiss"]
[EventRounds "9"]
[EventCountry "RUS"]
[SourceTitle "EXT 2010"]
[Source "ChessBase"]
[SourceDate "2010.11.25"]
[SourceVersion "1"]
[SourceVersionDate "2010.11.25"]
[SourceQuality "1"]

1. e4 c5 2. Nf3 e6 3. d4 cxd4 4. Nxd4 a6 5. Nc3 Qc7 6. Bd3 Nf6 7. 0-0 Nc6 8. Be3 Ne5 9. h3 Bc5 10. Qe2 d6 11. f4 Ng6 12. Nb3 Bxe3+ 13. Qxe3 0-0 14. Rae1 b5 15. g4 b4 16. Ne2 Bb7 17. Ng3 h6 18. Nd4 e5 19. fxe5 dxe5 20. Ndf5 Nf4 21. Ne2 Nxe2+ 22. Rxe2 Nh7 23. h4 Bc8 24. g5 hxg5 25. hxg5 g6 26. Qh3 gxf5 27. Rh2 Qb6+ 28. Rff2 Qg6 29. exf5 Qg7 30. Qh5 e4 31. Bxe4 Re8 32. Bxa8 Bxf5 33. Rxf5 Rxa8 34. Rhf2 Ra7 35. Qh6 Qd4 36. g6 fxg6 37. R5f4 Qb6 38. Kf1 Rg7 39. Qh3 Re7 40. Qb3+ Kh8 41. Qxb4 Qc7 42. Qc3+ Qxc3 43. bxc3 Kg7 44. Rd2 g5 45. Rfd4 Nf6 46. c4 Ne4 47. R2d3 Kg6 48. Kg2 Nf6 49. Rd6 g4 50. Rxa6 Kg5 51. Ra5+ Kf4 52. Rd4+ Ne4 53. c5 Ke3 54. Raa4 Nxc5 55. Rac4 Nd7 56. Rxg4 Kd2 57. Rgd4+ Ke3 58. Rd3+ Ke2 59. Rc7 Ne5 60. Rxe7 1-0

[Event "Moscow-ch (Women)"]
[Site "Moscow"]
[Date "2009.03.24"]
[Round "2"]
[White "Zaryvkina, Anastasia"]
[Black "Kharmunova, Nadezhda"]
[Result "1-0"]
[WhiteElo "2093"]
[BlackElo "2140"]
[PlyCount "79"]
[EventDate "2009.03.23"]
[EventType "swiss"]
[EventRounds "9"]
[EventCountry "RUS"]
[SourceTitle "EXT 2010"]
[Source "ChessBase"]
[SourceDate "2010.11.25"]
[SourceVersion "1"]
[SourceVersionDate "2010.11.25"]
[SourceQuality "1"]

1. e4 c5 2. Nf3 Nc6 3. d4 cxd4 4. Nxd4 Qb6 5. Nb3 Nf6 6. Nc3 e6 7. Be3 Qc7 8. a3 Be7 9. Be2 a6 10. 0-0 b5 11. f4 d6 12. Bf3 Bb7 13. Qe2 0-0 14. g4 b4 15. axb4 Nxb4 16. Qf2 d5 17. e5 Ne4 18. Bxe4 dxe4 19. Nd4 Bc5 20. Rad1 Rad8 21. Nxe6 Bxe3 22. Nxc7 Bxf2+ 23. Kxf2 Rc8 24. N7d5 Nxd5 25. Nxd5 Rxc2+ 26. Ke3 Rxh2 27. b4 Re8 28. Rf2 Rh3+ 29. Kxe4 Rf8 30. Rfd2 g6 31. f5 g5 32. e6 Rg3 33. e7 Re8 34. f6 h6 35. Ke5 Rxg4 36. Nc7 Re4+ 37. Kd6 Rb8 38. Rd4 Re2 39. R1d2 Re1 40. Kc5 1-0

[Event "Moscow op-B"]
[Site "Moscow"]
[Date "2009.02.01"]
[Round "2"]
[White "Erzhanov, Arman"]
[Black "Zaryvkina, Anastasia"]
[Result "1-0"]
[WhiteElo "2273"]
[BlackElo "2081"]
[PlyCount "37"]
[EventDate "2009.01.31"]
[EventType "swiss"]
[EventRounds "9"]
[EventCountry "RUS"]
[SourceTitle "EXT 2012"]
[Source "ChessBase"]
[SourceDate "2011.11.24"]
[SourceVersion "1"]
[SourceVersionDate "2011.11.24"]
[SourceQuality "1"]

1. e4 c5 2. b3 d6 3. Bb2 Nc6 4. Bb5 Bd7 5. f4 a6 6. Bxc6 Bxc6 7. d3 e6 8. Nf3 Nf6 9. 0-0 Be7 10. Nbd2 0-0 11. Qe1 Ne8 12. Qg3 f5 13. Rae1 g6 14. exf5 exf5 15. Ng5 Bxg5 16. fxg5 Rf7 17. Nc4 b5 18. Nxd6 Nxd6 19. Qe5 1-0

[Event "Moscow Petrosian Memorial U18"]
[Site "Moscow"]
[Date "2009.01.??"]
[Round "1"]
[White "Parahoni, Anna"]
[Black "Zaryvkina, Anastasia"]
[Result "0-1"]
[WhiteElo "1754"]
[BlackElo "2093"]
[PlyCount "86"]
[EventDate "2009.01.??"]
[EventType "swiss"]
[EventRounds "9"]
[EventCountry "RUS"]
[SourceTitle "EXT 2010"]
[Source "ChessBase"]
[SourceDate "2010.11.25"]
[SourceVersion "1"]
[SourceVersionDate "2010.11.25"]
[SourceQuality "1"]

1. e4 c5 2. Nf3 d6 3. d4 cxd4 4. Nxd4 Nf6 5. Nc3 e6 6. f3 a6 7. Be3 b5 8. Qd2 Bb7 9. g4 Be7 10. 0-0-0 h6 11. g5 hxg5 12. Bxg5 b4 13. Nce2 Qa5 14. Bxf6 Bxf6 15. Kb1 d5 16. Nb3 Qb6 17. Ng3 a5 18. Nd4 Bxd4 19. Qxd4 Qxd4 20. Rxd4 Ke7 21. exd5 Bxd5 22. Be2 Nc6 23. Rg4 g6 24. Nf1 Ne5 25. Rg3 Rad8 26. Kc1 Rc8 27. Kb1 f5 28. h4 f4 29. Rgh3 Rh5 30. Nh2 Rch8 31. Ng4 Nxg4 32. fxg4 Bxh1 33. gxh5 Bg2 34. Rh2 f3 35. Bd3 gxh5 36. Kc1 Rg8 37. Kd2 f2 38. c4 f1Q 39. Bxf1 Bxf1 40. b3 Rg2+ 41. Rxg2 Bxg2 42. Kd3 Kd6 43. Kd4 e5+ 0-1

[Event "Moscow Petrosian Memorial U18"]
[Site "Moscow"]
[Date "2009.01.??"]
[Round "5"]
[White "Repina, Varvara"]
[Black "Zaryvkina, Anastasia"]
[Result "1-0"]
[WhiteElo "2259"]
[BlackElo "2093"]
[PlyCount "91"]
[EventDate "2009.01.??"]
[EventType "swiss"]
[EventRounds "9"]
[EventCountry "RUS"]
[SourceTitle "EXT 2010"]
[Source "ChessBase"]
[SourceDate "2010.11.25"]
[SourceVersion "1"]
[SourceVersionDate "2010.11.25"]
[SourceQuality "1"]

1. d4 Nf6 2. c4 g6 3. Nf3 Bg7 4. g3 0-0 5. Bg2 d5 6. cxd5 Nxd5 7. 0-0 Nc6 8. Nc3 Nxc3 9. bxc3 e5 10. e3 exd4 11. cxd4 Re8 12. a4 Nb4 13. Ba3 Nd5 14. Nd2 h5 15. Qb3 Ne7 16. Rac1 c6 17. Ne4 Nf5 18. Nc5 Nd6 19. d5 b6 20. dxc6 bxc5 21. c7 Qxc7 22. Bxa8 Ba6 23. Rxc5 Qb6 24. Bd5 Qxb3 25. Bxb3 Bxf1 26. Kxf1 Ne4 27. Rc2 Rb8 28. Bc4 Rb1+ 29. Kg2 Ra1 30. Ra2 Rd1 31. Bb3 Rd7 32. a5 Nc3 33. Rc2 Rb7 34. Bc4 Rc7 35. Bf1 f5 36. a6 Kf7 37. Be2 Ke6 38. Bf3 Be5 39. Bb7 Na4 40. Rc6+ Rxc6 41. Bxc6 Nb6 42. Bc5 Bb8 43. Bxb6 axb6 44. Be8 Kf6 45. h4 Kg7 46. Kf3 1-0